| 000 | 01273nam a2200325Ia 4500 | ||
|---|---|---|---|
| 003 | OSt | ||
| 005 | 20221007121745.0 | ||
| 006 | a|||||r|||| 00| 0 | ||
| 007 | ta | ||
| 008 | 221006b |||||||| |||| 00| 0 eng d | ||
| 020 |
_a8121101506 (hbd) _cRs.375.00 |
||
| 024 | _a7085 | ||
| 037 |
_bBishen, _cTextual |
||
| 040 |
_aBDL _cBDL _beng |
||
| 041 |
_2eng _aeng |
||
| 082 | _aJ:(I)p1,N96, N7 | ||
| 100 |
_aNautiyal A R Ed _9712881 |
||
| 111 |
_aSeminar on harvesting herbs-2000^gSrinagar, Garhwal^iOctober 26-27, 1996 _9712882 |
||
| 245 | 0 |
_aProceedings ed by A R Nautiyal and others _b Nautiyal M C Ed Purohit A N |
|
| 260 |
_aDehra _bDun Bishen Singh Mahendra Pal Singh _c1997 |
||
| 300 |
_a196p _ccm. |
||
| 500 | _aIncludes bibliograpical references; Index 191-196p; ^n23/CSL/Carb/2000-2001/224^d2000-10-10^mPurchase; ; 2000-2001/322^b2000-11-01^c348^d2000-10-20^eRs.6,111.00^fBishen Singh Mahendra Pal Singh; ; 2000-11-09^bSB^c2000-12-12^dSK | ||
| 650 | _a Economic plants | ||
| 650 |
_a Seminar _9712883 |
||
| 650 | _aAgriculture | ||
| 700 |
_a Nautiyal M C Ed _9712884 |
||
| 700 |
_a Purohit A N _976313 |
||
| 942 |
_hJ:(I)p1,N96, N7 _cTEXL _2CC |
||
| 999 |
_c1209303 _d1209303 |
||